Panorama y antología de la poesía norteamericana /
Antología de la poesía norteamericana que abarca los siglos XIX y XX. Se incluye en la obra la biografía de cada autor y un estudio del desarrollo de la actividad literaria en Estados Unidos.
Bewaard in:
| Andere auteurs: | |
|---|---|
| Formaat: | Boek |
| Taal: | Spaans |
| Gepubliceerd in: |
Madrid, España :
Instituto de Cooperación Iberoamericana, Ediciones Cultura Hispánica,
1949, c1949
|
| Onderwerpen: | |
| Tags: |
Geen labels, Wees de eerste die dit record labelt!
|
MARC
| LEADER | 00000nam^a2200000^a^4500 | ||
|---|---|---|---|
| 001 | 000142654 | ||
| 005 | 20250521000000.0 | ||
| 009 | 20260310095656.941 | ||
| 037 | |a Acervo ITESO - Biblioteca | ||
| 041 | |a ESP | ||
| 082 | |a 811. |b PAN | ||
| 245 | 0 | 0 | |a Panorama y antología de la poesía norteamericana / |c Introd y tr. por J. Coronel Urtecho. |
| 264 | 4 | |a Madrid, España : |b Instituto de Cooperación Iberoamericana, Ediciones Cultura Hispánica, |c 1949, c1949 | |
| 300 | |a 333 p. | ||
| 336 | |a texto |b txt |2 rdacontenido | ||
| 337 | |a sin mediación |b n |2 rdamedio | ||
| 338 | |a volumen |b nc |2 rdasoporte | ||
| 520 | |a Antología de la poesía norteamericana que abarca los siglos XIX y XX. Se incluye en la obra la biografía de cada autor y un estudio del desarrollo de la actividad literaria en Estados Unidos. | ||
| 649 | |a XX | ||
| 650 | |a Escritores Norteamericanos - |x Biografías | ||
| 650 | |a Poesía Norteamericana | ||
| 650 | |a Literatura Norteamericana - |y Siglo XIX | ||
| 650 | |a Literatura Norteamericana - |y Siglo XX | ||
| 650 | |a Poesía Norteamericana - |x Historia y Crítica | ||
| 650 | |a Literatura Norteamericana - |x Historia y Crítica | ||
| 700 | |a Coronel Urtecho, José |e (introducción) | ||
| 910 | |a Fondo Salvador Reynoso Reynoso | ||
| 920 | |a Impresos - Libros | ||
| 930 | |a Fondos Especiales | ||
| 940 | |a Literatura | ||
| 905 | |a 112 | ||
| 901 | |a 0800015500 |b IT2 |c ESP |u 20250521 | ||
| 902 | |a https://opac.biblio.iteso.mx/vufind/Record/000142654 | ||